Disposicions que regulen el funcionament de la Mutualitat i altres antecedents perquè serveixin de guia als afiliats / Mutualitat de Secretaris i Funcionaris Municipals de Catalunya
Descripción Física:
41 p. + 4 f. ; 16 cm
MARC
| LEADER | 00000nam a2200000Ia 4500 | ||
|---|---|---|---|
| 001 | 17529 | ||
| 008 | 160829s1923 xx 000 0 cat d | ||
| 080 | |a RF-2-5 | ||
| 100 | |a Mutualitat de Secretaris i Funcionaris Municipals de Catalunya |9 28211 | ||
| 245 | |a Disposicions que regulen el funcionament de la Mutualitat i altres antecedents perquè serveixin de guia als afiliats / Mutualitat de Secretaris i Funcionaris Municipals de Catalunya | ||
| 260 | |a Barcelona : |b Imprenta de la Casa de Caritat, |c 1923 | ||
| 300 | |a 41 p. + 4 f. ; |c 16 cm | ||
| 590 | |a A la part superior de la portada: Mancomunitat de Catalunya, Mutualitat de Secretaris i Funcionaris Municipals de Catalunya. | ||
| 590 | |a Hi ha dos duplicats: DUP-21-1, DUP-65-37 | ||
| 650 | |a Mutualitat de Secretaris i Funcionaris Municipals de Catalunya |x Reglaments i procediment |9 28212 | ||
| 650 | 0 | |a Mutualitats |z Catalunya |x Estatuts |9 55572 | |
| 710 | 2 | |a Catalunya. |b Mancomunitat |9 53015 | |
| 856 | 4 | |u https://media.diba.cat/diba/fitxers/arxiu/fulletons/bib_17529_1923_baixa.pdf |y Accés lliure | |
| 856 | 4 | |u https://media.diba.cat/diba/fitxers/arxiu/fulletons/bib_17529_1923_baixa.pdf |y Accés lliure | |
| 900 | |a bib_17529_1923_baixa.pdf | ||
| 901 | |a Arxiu | ||
| 942 | |n 1 |2 udc | ||
| 952 | |0 0 |1 0 |4 0 |6 RF25 |7 1 |9 44723 |a Arxiu |b Arxiu |d 2016-12-01 |l 0 |o RF-2-5 |p 17529 |r 2016-12-01 00:00:00 |w 2016-12-01 |y ARXIU | ||
| 999 | |c 47305 |d 47305 | ||